Statistics for App Logos

Click here to take the quiz!

General Stats

  • This quiz has been taken 5,125 times
  • The average score is 10 of 12

Answer Stats

Answer% Correct
Facebook
100%
Instagram
99%
Snapchat
99%
Twitter
99%
Youtube
99%
Spotify
96%
Pinterest
86%
Shazam
85%
Messenger
83%
ESPN
78%
Twitch
74%
Tumblr
51%

Score Distribution

Percentile by Number Answered

Percent of People with Each Score

Your Score History

You have not taken this quiz